Storia delle idee contemporanee. Una lettura del processo di secolarizzazione.
Guardat en:
| Autor principal: | |
|---|---|
| Format: | Llibre |
| Publicat: |
Roma,
EDUSC,
2016.
|
| Edició: | III Edizione |
| Matèries: | |
| Etiquetes: |
Afegir etiqueta
Sense etiquetes, Sigues el primer a etiquetar aquest registre!
|
MARC
| LEADER | 00000nam a22000007a 4500 | ||
|---|---|---|---|
| 003 | CL-VaPUC | ||
| 005 | 20231212164422.0 | ||
| 008 | 231128t2016 ||||| |||| 00| 0 eng d | ||
| 999 | |c 442623 |d 442621 | ||
| 020 | |a 978-88-8333-582-2 | ||
| 040 | |c Pontificia Universidad Católica de Valparaíso | ||
| 082 | 0 | 4 | |2 21 |a 190 FAZ 2016 |
| 100 | 1 | |a Fazio Fernández, Mariano |e autore |9 886418 | |
| 245 | 1 | 0 | |a Storia delle idee contemporanee. |b Una lettura del processo di secolarizzazione. |
| 250 | |a III Edizione | ||
| 260 | |a Roma, |b EDUSC, |c 2016. | ||
| 300 | |a 470 páginas. | ||
| 500 | |a c.1.Donación profesor Carlos Salinas Araneda. Memo DER 047. 24-11-2023 | ||
| 583 | |c 20231128 |k Catalogador Asistente | ||
| 650 | 1 | |a Filosofía moderna |9 258121 | |
| 650 | 1 | |a Historia de las ideas |9 420996 | |
| 650 | 1 | |a Filosofía política |9 886421 | |
| 650 | 1 | |a Teología dogmática |9 313198 | |
| 650 | 1 | |a Iglesia Católica y sociedad |9 886422 | |
| 650 | 1 | |a Secularización |9 258584 | |
| 942 | |2 ddc |c BK | ||
| 952 | |0 0 |1 0 |2 ddc |4 0 |6 190_000000000000000_FAZ_2016 |7 0 |8 A |9 592688 |a BIBDER |b BIBDER |d 2023-11-28 |e Donación |i 5659663 |o 190 FAZ 2016 |p 5659663 |r 2023-11-28 |t 1 |w 2023-11-28 |x Ubicación 4to piso |y BK |k DER | ||